[Event "Damhus-ch D"]
[Site "Rodovre"]
[Date "2011.10.04"]
[Round "5"]
[White "Grum Schwensen, Jens"]
[Black "Gemzoe, Bjorn"]
[Result "1/2-1/2"]
[WhiteElo "1300"]
[BlackElo "1343"]
[PlyCount "99"]
[EventDate "2011.09.06"]
[EventType "swiss"]
[EventRounds "7"]
[EventCountry "DEN"]
[SourceTitle "EXT 2023"]
[Source "ChessBase"]
[SourceDate "2022.10.05"]
[SourceVersion "1"]
[SourceVersionDate "2022.10.05"]
[SourceQuality "1"]

1. e4 c5 2. c3 b6 3. d4 e6 4. Nf3 Bb7 5. Bd3 h6 6. 0-0 Nf6 7. Re1 Be7 8. Bf4 Nh5 9. Be3 Nf6 10. e5 Nd5 11. Be4 Nxe3 12. Rxe3 Bxe4 13. Rxe4 d5 14. exd6 Qxd6 15. Nbd2 0-0 16. Qe2 Nd7 17. Nc4 Qc7 18. Qd3 b5 19. Nce5 c4 20. Qc2 Nxe5 21. dxe5 Rfd8 22. Nd4 a6 23. a3 Rd5 24. Qe2 Rad8 25. g3 Bc5 26. Rd1 Bxd4 27. Rdxd4 Rxd4 28. Rxd4 Rxd4 29. cxd4 c3 30. bxc3 Qxc3 31. Qe3 Qc4 32. Qd2 Qa4 33. Qb4 Qxb4 34. axb4 Kf8 35. Kf1 Ke7 36. Ke2 Kd7 37. Kd3 Kc6 38. g4 Kd5 39. h4 g6 40. f3 Kc6 41. Ke4 Kb6 42. d5 exd5+ 43. Kxd5 a5 44. bxa5+ Kxa5 45. f4 b4 46. f5 gxf5 47. gxf5 b3 48. e6 fxe6+ 49. fxe6 b2 50. e7 1/2-1/2